[Event "African Online-ch U20-Open 2021"]
[Site "Online"]
[Date "2021.02.01"]
[Round "5.8"]
[White "Ben Abbes, Ayoub"]
[Black "Spink, Benjamin M"]
[Result "1-0"]
[WhiteElo "1481"]
[BlackElo "2110"]
[Annotator "TA"]
[PlyCount "105"]
[EventDate "2021.02.01"]
[EventType "swiss"]
[EventCountry "NET"]
[SourceTitle "playchess.com"]
[Source "ChessBase"]
[SourceQuality "1"]

{[%evp 9,105,-22,-23,-19,-20,-19,-19,-44,-39,-39,-48,-62,-47,-66,-26,-26,-33,-52,-52,-59,-61,-55,-44,-43,-37,-35,-25,-21,-21,-33,-38,-37,-33,-33,-33,-58,-8,-8,-8,-19,0,0,0,-8,0,-2,-2,-22,0,0,0,0,0,0,0,0,0,0,0,0,0,0,0,0,0,0,0,0,0,0,5977,5977,29958,29959,29960,29962,29964,29965,29967,29967,29968,29967,29981,29982,29986,29987,29987,29988,29988,29989,29990,29991,29992,29993,29993,29993,29993,29994]} 1. e4 c5 2. Nf3 Nc6 3. Bb5 g6 4. d4 cxd4 5. Bxc6 dxc6 6. Qxd4 {B31: Sicilian: 2...Nc6 3 Bb5 g6.} Qxd4 7. Nxd4 Bg7 8. c3 {The position is equal.} Nf6 9. f3 e5 10. Ne2 {[#]} O-O $146 ({Predecessor:} 10... Be6 11. Be3 O-O 12. Nd2 Rfd8 13. b3 Rd3 14. Bc5 Bh6 15. Nc4 Bxc4 16. bxc4 Bd2+ {0-1 (61) Hendry,I (1533)-Wei,M (1563) Canberra 2001}) 11. Be3 Re8 12. Nd2 Be6 13. Nb3 Nd7 14. O-O-O a5 {[%cal Ba7a5,Ba5a4][%mdl 32]} 15. Kb1 a4 16. Nc5 Nxc5 17. Bxc5 Bf8 18. Bxf8 Kxf8 19. Rd2 Red8 20. Rhd1 Rxd2 21. Rxd2 $15 {[%mdl 4096] Endgame KRB-KRN} Ke7 22. a3 Rd8 23. Rxd8 Kxd8 $11 {KB-KN} 24. Kc2 Bb3+ 25. Kd3 b5 26. Nc1 Bc4+ 27. Ke3 Ke7 28. g3 f5 29. Nd3 Kd6 30. Nf2 Bf1 31. f4 h6 32. exf5 gxf5 33. fxe5+ Kxe5 34. Nd1 c5 35. Nf2 c4 36. Nd1 Bg2 37. Nf2 h5 38. Nd1 Bh3 39. Nf2 Bg4 {[%mdl 8192] [#]} (39... Bg2 $11) 40. h3 $18 h4 41. Nxg4+ {White mates.} fxg4 42. gxh4 gxh3 {KP-KP} 43. Kf3 h2 44. Kg2 h1=Q+ 45. Kxh1 b4 46. cxb4 c3 47. bxc3 Kd5 48. h5 Kc4 49. h6 Kxc3 50. h7 Kb3 51. h8=Q Kxa3 52. b5 Kb3 53. b6 {Weighted Error Value: White=0.04/Black=0.21} 1-0

[Event "African Online-ch U20-Open 2021"]
[Site "Online"]
[Date "2021.02.01"]
[Round "5.9"]
[White "Machinya Desire"]
[Black "Sparg, Nathan"]
[Result "1-0"]
[WhiteElo "1638"]
[BlackElo "1413"]
[Annotator "NA RC"]
[PlyCount "67"]
[EventDate "2021.02.01"]
[EventType "swiss"]
[EventCountry "NET"]
[SourceTitle "playchess.com"]
[Source "ChessBase"]
[SourceQuality "1"]
[TimeControl "1500+10"]

1. e4 {[%emt 0:00:00]} e6 {[%emt 0:00:03]} 2. d3 {[%emt 0:00:21]} d5 {[%emt 0:00:10]} 3. Nd2 {[%emt 0:00:13]} Nf6 {[%emt 0:00:14]} 4. g3 {[%emt 0:00:16]} Nc6 {[%emt 0:00:58]} 5. Bg2 {[%emt 0:00:05]} dxe4 {[%emt 0:00:06]} 6. dxe4 {[%emt 0:00:08]} Bc5 {[%emt 0:00:15]} 7. Ngf3 {[%emt 0:00:03]} e5 {[%emt 0:00:22]} 8. c3 {[%emt 0:00:04]} O-O {[%emt 0:00:06]} 9. O-O {[%emt 0:00:06]} a5 {[%emt 0:00:26]} 10. h3 {[%emt 0:00:25]} Qe7 {[%emt 0:00:39]} 11. Re1 {[%emt 0:00:11]} Rd8 {[%emt 0:01:08]} 12. Qc2 {[%emt 0:00:17]} b6 {[%emt 0:01:48]} 13. Nb3 {[%emt 0:00:26]} Bd6 {[%emt 0:00:41]} 14. Nh4 {[%emt 0:00:51]} Ba6 {[%emt 0:02:18]} 15. Nf5 {[%emt 0:02:52]} Qf8 {[%emt 0:01:41]} 16. Bg5 {[%emt 0:02:33]} Be7 {[%emt 0:00:22]} 17. Nxe7+ {[%emt 0:02:02]} Qxe7 {[%emt 0:00:06]} 18. f4 {[%emt 0:00:13]} h6 {[%emt 0:02:58]} 19. Bh4 {[%emt 0:00:36]} a4 {[%emt 0:02:41]} 20. Nc1 {[%emt 0:00:10]} Qd6 {[%emt 0:00:45]} 21. fxe5 {[%emt 0:06:00]} Nxe5 {[%emt 0:01:21]} 22. g4 {[%emt 0:01:18]} g5 {[%emt 0:04:33]} 23. Bf2 {[%emt 0:00:09]} Nexg4 {[%emt 0:00:11]} 24. hxg4 {[%emt 0:00:37]} Nxg4 {[%emt 0:00:04]} 25. e5 {[%emt 0:00:35]} Nxe5 {[%emt 0:01:00]} 26. Qf5 {[%emt 0:06:48]} Nd3 {[%emt 0:02:21]} 27. Nxd3 {[%emt 0:00:51]} Bxd3 {[%emt 0:00:04]} 28. Qh3 {[%emt 0:00:24]} Ra5 {[%emt 0:00:34]} 29. Rad1 {[%emt 0:00:44]} Rf5 {[%emt 0:01:24]} 30. Be4 {[%emt 0:00:17]} Rxf2 {[%emt 0:00:23]} 31. Rxd3 {[%emt 0:00:15]} Qc5 {[%emt 0:00:13]} 32. Rxd8+ {[%emt 0:00:03]} Kg7 {[%emt 0:00:02]} 33. Qe3 {[%emt 0:00:14]} Re2 {[%emt 0:00:22]} 34. Rxe2 {[%emt 0:00:09]} 1-0

[Event "African Online-ch U20-Open 2021"]
[Site "Online"]
[Date "2021.02.01"]
[Round "5.10"]
[White "van der Merwe, Alexander"]
[Black "Soojay, Jorah"]
[Result "1-0"]
[WhiteElo "1655"]
[BlackElo "1478"]
[Annotator "NA RC"]
[PlyCount "55"]
[EventDate "2021.02.01"]
[EventType "swiss"]
[EventCountry "NET"]
[SourceTitle "playchess.com"]
[Source "ChessBase"]
[SourceQuality "1"]
[TimeControl "1500+10"]

1. e4 {[%emt 0:00:00]} d5 {[%emt 0:00:03]} 2. exd5 {[%emt 0:00:02]} Nf6 {[%emt 0:00:04]} 3. d4 {[%emt 0:00:03]} Nxd5 {[%emt 0:00:03]} 4. Nf3 {[%emt 0:00:02]} Bg4 {[%emt 0:00:03]} 5. Be2 {[%emt 0:00:01]} e6 {[%emt 0:00:03]} 6. O-O {[%emt 0:00:07]} Nc6 {[%emt 0:00:02]} 7. c4 {[%emt 0:00:22]} Nf6 {[%emt 0:00:07]} 8. Be3 {[%emt 0:00:41]} Be7 {[%emt 0:00:30]} 9. Nc3 {[%emt 0:01:01]} Bd6 {[%emt 0:01:38]} 10. d5 {[%emt 0:03:27]} exd5 {[%emt 0:00:06]} 11. cxd5 {[%emt 0:00:25]} Ne7 {[%emt 0:00:26]} 12. Bg5 {[%emt 0:01:20]} h6 {[%emt 0:02:10]} 13. Bxf6 {[%emt 0:02:11]} gxf6 {[%emt 0:00:04]} 14. Qd4 {[%emt 0:01:01]} Rg8 {[%emt 0:00:15]} 15. Ne4 {[%emt 0:03:11]} Nf5 {[%emt 0:01:31]} 16. Nxf6+ {[%emt 0:02:25]} Kf8 {[%emt 0:00:05]} 17. Nh7+ {[%emt 0:01:15]} Ke8 {[%emt 0:00:39]} 18. Qe4+ {[%emt 0:00:36]} Kd7 {[%emt 0:00:05]} 19. Ne5+ {[%emt 0:01:05]} Bxe5 {[%emt 0:00:07]} 20. Bxg4 {[%emt 0:00:28]} Bxh2+ {[%emt 0:00:21]} 21. Kh1 {[%emt 0:00:34]} Rxg4 {[%emt 0:01:21]} 22. Qxf5+ {[%emt 0:00:29]} Kd6 {[%emt 0:00:15]} 23. Qxg4 {[%emt 0:00:19]} Qh8 {[%emt 0:00:05]} 24. Kxh2 {[%emt 0:00:18]} Qxh7 {[%emt 0:00:09]} 25. Qf4+ {[%emt 0:00:03]} Kd7 {[%emt 0:00:04]} 26. Rac1 {[%emt 0:00:07]} Rc8 {[%emt 0:00:17]} 27. Rfe1 {[%emt 0:00:05]} Qg6 {[%emt 0:00:07]} 28. Qe5 {[%emt 0:00:08]} 1-0

[Event "African Online-ch U20-Open 2021"]
[Site "Online"]
[Date "2021.02.01"]
[Round "5.11"]
[White "Elayeb, Med Yessine"]
[Black "Mena, Martin"]
[Result "1-0"]
[WhiteElo "1666"]
[BlackElo "1776"]
[Annotator "NA RC"]
[PlyCount "75"]
[EventDate "2021.02.01"]
[EventType "swiss"]
[EventCountry "NET"]
[SourceTitle "playchess.com"]
[Source "ChessBase"]
[SourceQuality "1"]
[TimeControl "1500+10"]

1. Nf3 {[%emt 0:00:04]} d5 {[%emt 0:06:57]} 2. g3 {[%emt 0:00:05]} Nf6 {[%emt 0:00:07]} 3. Bg2 {[%emt 0:00:02]} e6 {[%emt 0:00:02]} 4. c4 {[%emt 0:00:22]} Be7 {[%emt 0:00:07]} 5. O-O {[%emt 0:00:06]} O-O {[%emt 0:00:03]} 6. b3 {[%emt 0:00:02]} c5 {[%emt 0:00:36]} 7. Bb2 {[%emt 0:00:23]} Nc6 {[%emt 0:00:46]} 8. e3 {[%emt 0:00:02]} Qc7 {[%emt 0:01:35]} 9. Nc3 {[%emt 0:00:18]} Rd8 {[%emt 0:01:28]} 10. Rc1 {[%emt 0:04:25]} dxc4 {[%emt 0:03:10]} 11. bxc4 {[%emt 0:00:10]} Nb4 {[%emt 0:01:45]} 12. Ne1 {[%emt 0:00:35]} Qd6 {[%emt 0:01:32]} 13. a3 {[%emt 0:06:29]} Qxd2 {[%emt 0:04:17]} 14. Qb3 {[%emt 0:00:19]} Nd3 {[%emt 0:04:39]} 15. Rc2 {[%emt 0:01:12]} Nc1 {[%emt 0:00:07]} 16. Bxc1 {[%emt 0:00:26]} Qd6 {[%emt 0:00:03]} 17. Rd2 {[%emt 0:00:16]} Qc7 {[%emt 0:00:09]} 18. Rxd8+ {[%emt 0:00:38]} Qxd8 {[%emt 0:00:11]} 19. Nf3 {[%emt 0:00:24]} a6 {[%emt 0:00:19]} 20. Rd1 {[%emt 0:00:44]} Qe8 {[%emt 0:00:08]} 21. Ne5 {[%emt 0:00:17]} Rb8 {[%emt 0:00:05]} 22. Qb6 {[%emt 0:00:26]} Nd7 {[%emt 0:00:20]} 23. Nxd7 {[%emt 0:00:25]} Bxd7 {[%emt 0:00:04]} 24. Qc7 {[%emt 0:00:44]} Bc6 {[%emt 0:00:13]} 25. Bxc6 {[%emt 0:00:51]} bxc6 {[%emt 0:00:08]} 26. Rd7 {[%emt 0:00:49]} Bf8 {[%emt 0:00:12]} 27. Rd3 {[%emt 0:02:33]} e5 {[%emt 0:00:12]} 28. e4 {[%emt 0:00:41]} f6 {[%emt 0:00:10]} 29. Be3 {[%emt 0:00:26]} Rc8 {[%emt 0:00:12]} 30. Qd7 {[%emt 0:00:18]} Rb8 {[%emt 0:00:12]} 31. Qxe8 {[%emt 0:00:03]} Rxe8 {[%emt 0:00:02]} 32. Na4 {[%emt 0:00:09]} Rb8 {[%emt 0:00:09]} 33. Nxc5 {[%emt 0:00:07]} Rb1+ {[%emt 0:00:06]} 34. Kg2 {[%emt 0:00:03]} Ra1 {[%emt 0:00:15]} 35. Rd8 {[%emt 0:00:40]} Kf7 {[%emt 0:00:09]} 36. Nb3 {[%emt 0:00:12]} Rxa3 {[%emt 0:00:14]} 37. Rxf8+ {[%emt 0:00:07]} Kxf8 {[%emt 0:00:06]} 38. Bc5+ {[%emt 0:00:01]} 1-0

[Event "African Online-ch U20-Open 2021"]
[Site "Online"]
[Date "2021.02.01"]
[Round "5.12"]
[White "Fourie, Brandon"]
[Black "Mcligeyo, Robert"]
[Result "1-0"]
[WhiteElo "1583"]
[BlackElo "1688"]
[Annotator "NA RC"]
[PlyCount "83"]
[EventDate "2021.02.01"]
[EventType "swiss"]
[EventCountry "NET"]
[SourceTitle "playchess.com"]
[Source "ChessBase"]
[SourceQuality "1"]
[TimeControl "1500+10"]

1. e4 {[%emt 0:00:00]} d5 {[%emt 0:00:14]} 2. exd5 {[%emt 0:00:04]} Nf6 {[%emt 0:00:09]} 3. d4 {[%emt 0:00:08]} Nxd5 {[%emt 0:00:15]} 4. Nf3 {[%emt 0:00:06]} Bg4 {[%emt 0:00:05]} 5. Bc4 {[%emt 0:00:26]} e6 {[%emt 0:00:04]} 6. O-O {[%emt 0:00:13]} Be7 {[%emt 0:00:03]} 7. h3 {[%emt 0:00:04]} Bh5 {[%emt 0:00:03]} 8. Re1 {[%emt 0:01:08]} O-O {[%emt 0:00:05]} 9. Nbd2 {[%emt 0:01:03]} Nc6 {[%emt 0:00:08]} 10. c3 {[%emt 0:00:25]} a6 {[%emt 0:02:18]} 11. Ne4 {[%emt 0:00:20]} h6 {[%emt 0:01:49]} 12. Ng3 {[%emt 0:00:19]} Bg6 {[%emt 0:00:27]} 13. Bd3 {[%emt 0:00:07]} Bxd3 {[%emt 0:00:15]} 14. Qxd3 {[%emt 0:00:02]} Bd6 {[%emt 0:00:17]} 15. Ne5 {[%emt 0:01:06]} Nxe5 {[%emt 0:03:11]} 16. dxe5 {[%emt 0:00:05]} Bc5 {[%emt 0:00:04]} 17. Qe4 {[%emt 0:00:52]} f5 {[%emt 0:06:04]} 18. Qc4 {[%emt 0:04:47]} Bb6 {[%emt 0:01:22]} 19. Bd2 {[%emt 0:00:26]} f4 {[%emt 0:00:16]} 20. Ne4 {[%emt 0:02:00]} Qh4 {[%emt 0:00:26]} 21. Rad1 {[%emt 0:02:02]} Kh8 {[%emt 0:00:13]} 22. Nc5 {[%emt 0:00:33]} Bxc5 {[%emt 0:00:05]} 23. Qxc5 {[%emt 0:00:28]} f3 {[%emt 0:00:03]} 24. Qd4 {[%emt 0:01:25]} Nf4 {[%emt 0:03:56]} 25. Bxf4 {[%emt 0:02:46]} Rxf4 {[%emt 0:00:03]} 26. Qe3 {[%emt 0:00:42]} fxg2 {[%emt 0:00:26]} 27. Qg3 {[%emt 0:01:17]} Raf8 {[%emt 0:03:07]} 28. Qxh4 {[%emt 0:00:19]} Rxh4 {[%emt 0:00:02]} 29. Kxg2 {[%emt 0:00:02]} Rhf4 {[%emt 0:00:03]} 30. Re2 {[%emt 0:00:17]} Rc4 {[%emt 0:00:17]} 31. Rd7 {[%emt 0:00:33]} Kh7 {[%emt 0:00:08]} 32. Re7 {[%emt 0:00:16]} Rc6 {[%emt 0:00:05]} 33. Rd2 {[%emt 0:00:16]} Rf5 {[%emt 0:01:53]} 34. Rdd7 {[%emt 0:00:34]} Rxe5 {[%emt 0:00:14]} 35. Rxg7+ {[%emt 0:00:03]} Kh8 {[%emt 0:00:04]} 36. h4 {[%emt 0:00:48]} Re4 {[%emt 0:01:25]} 37. f3 {[%emt 0:01:00]} Re2+ {[%emt 0:00:27]} 38. Kg3 {[%emt 0:00:17]} e5 {[%emt 0:00:29]} 39. h5 {[%emt 0:00:42]} Re1 {[%emt 0:00:17]} 40. Kf2 {[%emt 0:00:19]} Rb1 {[%emt 0:00:18]} 41. Rge7 {[%emt 0:00:17]} Rxb2+ {[%emt 0:00:09]} 42. Kg3 {[%emt 0:00:05]} 1-0

[Event "African Online-ch U20-Open 2021"]
[Site "Online"]
[Date "2021.02.01"]
[Round "5.13"]
[White "Joao Farisse"]
[Black "Ofile Masilo"]
[Result "1-0"]
[WhiteElo "1574"]
[BlackElo "1457"]
[Annotator "NA RC"]
[PlyCount "81"]
[EventDate "2021.02.01"]
[EventType "swiss"]
[EventCountry "NET"]
[SourceTitle "playchess.com"]
[Source "ChessBase"]
[SourceQuality "1"]
[TimeControl "1500+10"]

1. c4 {[%emt 0:00:00]} e6 {[%emt 0:00:05]} 2. Nc3 {[%emt 0:00:08]} d5 {[%emt 0:00:09]} 3. cxd5 {[%emt 0:00:02]} exd5 {[%emt 0:00:05]} 4. d4 {[%emt 0:00:02]} Nf6 {[%emt 0:00:22]} 5. Bf4 {[%emt 0:00:12]} c6 {[%emt 0:00:16]} 6. Nf3 {[%emt 0:00:54]} Bd6 {[%emt 0:00:06]} 7. Bg5 {[%emt 0:00:10]} h6 {[%emt 0:00:05]} 8. Bh4 {[%emt 0:00:04]} O-O {[%emt 0:00:04]} 9. e3 {[%emt 0:00:11]} Re8 {[%emt 0:00:05]} 10. Bd3 {[%emt 0:00:25]} Be7 {[%emt 0:01:27]} 11. Ne5 {[%emt 0:00:21]} Qb6 {[%emt 0:00:20]} 12. Qc2 {[%emt 0:00:27]} Be6 {[%emt 0:00:48]} 13. O-O {[%emt 0:00:32]} Nbd7 {[%emt 0:00:09]} 14. f4 {[%emt 0:00:05]} Nf8 {[%emt 0:01:28]} 15. Kh1 {[%emt 0:00:36]} Red8 {[%emt 0:05:27]} 16. g4 {[%emt 0:01:05]} Qc7 {[%emt 0:01:22]} 17. g5 {[%emt 0:01:02]} hxg5 {[%emt 0:01:15]} 18. fxg5 {[%emt 0:01:29]} Ng4 {[%emt 0:01:44]} 19. Nxg4 {[%emt 0:01:18]} Bxg4 {[%emt 0:00:08]} 20. Qf2 {[%emt 0:00:19]} Be6 {[%emt 0:03:56]} 21. Rac1 {[%emt 0:00:35]} Qd7 {[%emt 0:00:41]} 22. Ne2 {[%emt 0:00:44]} Ng6 {[%emt 0:00:39]} 23. Nf4 {[%emt 0:00:24]} Nxf4 {[%emt 0:00:33]} 24. Qxf4 {[%emt 0:00:15]} Bd6 {[%emt 0:00:10]} 25. Qf2 {[%emt 0:00:36]} g6 {[%emt 0:00:20]} 26. Bg3 {[%emt 0:00:34]} Bxg3 {[%emt 0:00:08]} 27. Qxg3 {[%emt 0:00:11]} Kg7 {[%emt 0:00:28]} 28. Qe5+ {[%emt 0:00:13]} Kg8 {[%emt 0:01:10]} 29. Rf4 {[%emt 0:00:18]} Bg4 {[%emt 0:00:12]} 30. Rg1 {[%emt 0:00:51]} Bh5 {[%emt 0:00:13]} 31. Rf6 {[%emt 0:01:37]} Re8 {[%emt 0:00:42]} 32. Qf4 {[%emt 0:00:19]} Re6 {[%emt 0:00:49]} 33. Rf1 {[%emt 0:00:53]} Rxf6 {[%emt 0:01:07]} 34. gxf6 {[%emt 0:00:10]} Qe8 {[%emt 0:01:08]} 35. Qh6 {[%emt 0:02:13]} Qf8 {[%emt 0:00:08]} 36. Qg5 {[%emt 0:00:03]} a5 {[%emt 0:01:58]} 37. Rf4 {[%emt 0:01:04]} Re8 {[%emt 0:00:16]} 38. Rh4 {[%emt 0:00:10]} Kh8 {[%emt 0:00:26]} 39. Rxh5+ {[%emt 0:00:43]} gxh5 {[%emt 0:00:31]} 40. Qxh5+ {[%emt 0:00:06]} Kg8 {[%emt 0:00:18]} 41. Qh7# {[%emt 0:00:04]} 1-0

[Event "African Online-ch U20-Open 2021"]
[Site "Online"]
[Date "2021.02.01"]
[Round "5.14"]
[White "Darius Patlo Banda"]
[Black "Pungo, Honorato"]
[Result "1-0"]
[WhiteElo "1369"]
[BlackElo "1550"]
[Annotator "NA RC"]
[PlyCount "155"]
[EventDate "2021.02.01"]
[EventType "swiss"]
[EventCountry "NET"]
[SourceTitle "playchess.com"]
[Source "ChessBase"]
[SourceQuality "1"]
[TimeControl "1500+10"]

1. d4 {[%emt 0:00:00]} d5 {[%emt 0:00:04]} 2. c4 {[%emt 0:00:05]} e6 {[%emt 0:00:03]} 3. Nc3 {[%emt 0:00:04]} Nf6 {[%emt 0:00:05]} 4. cxd5 {[%emt 0:00:10]} exd5 {[%emt 0:00:06]} 5. Bg5 {[%emt 0:00:05]} Be7 {[%emt 0:00:03]} 6. Nf3 {[%emt 0:00:05]} O-O {[%emt 0:00:02]} 7. e3 {[%emt 0:00:06]} c6 {[%emt 0:00:02]} 8. Bd3 {[%emt 0:00:05]} Nbd7 {[%emt 0:00:08]} 9. O-O {[%emt 0:00:06]} Re8 {[%emt 0:00:06]} 10. Qc2 {[%emt 0:00:08]} a6 {[%emt 0:00:13]} 11. Rab1 {[%emt 0:00:08]} g6 {[%emt 0:00:11]} 12. b4 {[%emt 0:00:21]} Nf8 {[%emt 0:00:24]} 13. a4 {[%emt 0:00:28]} Ne6 {[%emt 0:00:41]} 14. Bh4 {[%emt 0:00:24]} Ng7 {[%emt 0:01:19]} 15. Qa2 {[%emt 0:01:26]} Nf5 {[%emt 0:00:20]} 16. Bg5 {[%emt 0:00:21]} Kg7 {[%emt 0:00:21]} 17. Qc2 {[%emt 0:00:21]} h6 {[%emt 0:00:22]} 18. Bf4 {[%emt 0:00:15]} Be6 {[%emt 0:01:54]} 19. b5 {[%emt 0:00:36]} axb5 {[%emt 0:00:14]} 20. axb5 {[%emt 0:00:05]} Bd7 {[%emt 0:01:26]} 21. Ne5 {[%emt 0:00:41]} Nd6 {[%emt 0:00:42]} 22. bxc6 {[%emt 0:01:16]} Bxc6 {[%emt 0:00:18]} 23. Nb5 {[%emt 0:00:35]} Nxb5 {[%emt 0:03:12]} 24. Bxb5 {[%emt 0:00:14]} Bxb5 {[%emt 0:00:25]} 25. Rxb5 {[%emt 0:00:07]} Ra7 {[%emt 0:00:36]} 26. Qb3 {[%emt 0:00:51]} Qa8 {[%emt 0:01:08]} 27. Nd3 {[%emt 0:00:50]} Ra3 {[%emt 0:00:41]} 28. Qc2 {[%emt 0:01:06]} Rc8 {[%emt 0:00:42]} 29. Nc5 {[%emt 0:01:11]} Ra2 {[%emt 0:00:55]} 30. Qc1 {[%emt 0:00:40]} Ne4 {[%emt 0:01:04]} 31. f3 {[%emt 0:01:01]} Nxc5 {[%emt 0:00:28]} 32. dxc5 {[%emt 0:00:10]} Qa6 {[%emt 0:02:39]} 33. Rb6 {[%emt 0:00:38]} Qa5 {[%emt 0:01:51]} 34. Rxb7 {[%emt 0:01:03]} Bxc5 {[%emt 0:00:13]} 35. Be5+ {[%emt 0:03:37]} Kg8 {[%emt 0:00:11]} 36. Bd4 {[%emt 0:00:19]} Qa6 {[%emt 0:00:41]} 37. Qb1 {[%emt 0:01:32]} Qe2 {[%emt 0:00:44]} 38. Rb2 {[%emt 0:00:48]} Rxb2 {[%emt 0:00:04]} 39. Qxb2 {[%emt 0:00:08]} Qxb2 {[%emt 0:00:05]} 40. Bxb2 {[%emt 0:00:05]} Bxe3+ {[%emt 0:00:02]} 41. Kh1 {[%emt 0:00:03]} Rc2 {[%emt 0:00:16]} 42. Ba1 {[%emt 0:00:11]} Rc1 {[%emt 0:00:21]} 43. Rxc1 {[%emt 0:00:08]} Bxc1 {[%emt 0:00:03]} 44. Bd4 {[%emt 0:00:03]} Bg5 {[%emt 0:00:05]} 45. Kg1 {[%emt 0:00:06]} f5 {[%emt 0:00:03]} 46. Kf2 {[%emt 0:00:05]} Kf7 {[%emt 0:00:02]} 47. Ke2 {[%emt 0:00:02]} Bf6 {[%emt 0:00:02]} 48. Be3 {[%emt 0:00:12]} g5 {[%emt 0:00:06]} 49. Kd3 {[%emt 0:00:07]} Ke6 {[%emt 0:00:02]} 50. g3 {[%emt 0:00:10]} Kd6 {[%emt 0:00:14]} 51. Bc1 {[%emt 0:00:46]} Be5 {[%emt 0:00:07]} 52. Ba3+ {[%emt 0:00:10]} Ke6 {[%emt 0:00:03]} 53. Bf8 {[%emt 0:00:10]} h5 {[%emt 0:00:03]} 54. Bh6 {[%emt 0:00:10]} g4 {[%emt 0:00:13]} 55. f4 {[%emt 0:00:26]} Bc7 {[%emt 0:00:08]} 56. Bg7 {[%emt 0:00:05]} h4 {[%emt 0:00:08]} 57. Bd4 {[%emt 0:00:14]} h3 {[%emt 0:00:03]} 58. Be3 {[%emt 0:00:15]} Bd6 {[%emt 0:00:08]} 59. Bd4 {[%emt 0:00:08]} Bxf4 {[%emt 0:00:16]} 60. gxf4 {[%emt 0:00:12]} g3 {[%emt 0:00:03]} 61. Bg1 {[%emt 0:00:07]} gxh2 {[%emt 0:00:22]} 62. Bxh2 {[%emt 0:00:05]} Kd6 {[%emt 0:00:02]} 63. Kd4 {[%emt 0:00:05]} Kc6 {[%emt 0:00:02]} 64. Bg1 {[%emt 0:00:36]} Kd6 {[%emt 0:00:04]} 65. Kd3 {[%emt 0:00:19]} Kc6 {[%emt 0:00:06]} 66. Ke2 {[%emt 0:01:04]} Kb5 {[%emt 0:00:05]} 67. Kf3 {[%emt 0:00:03]} Kc4 {[%emt 0:00:03]} 68. Kg3 {[%emt 0:00:03]} d4 {[%emt 0:00:15]} 69. Kxh3 {[%emt 0:00:05]} d3 {[%emt 0:00:03]} 70. Be3 {[%emt 0:00:04]} Kc3 {[%emt 0:00:28]} 71. Kh4 {[%emt 0:00:06]} d2 {[%emt 0:00:02]} 72. Bxd2+ {[%emt 0:00:04]} Kxd2 {[%emt 0:00:24]} 73. Kg5 {[%emt 0:00:05]} Kd3 {[%emt 0:00:02]} 74. Kxf5 {[%emt 0:00:03]} Kd4 {[%emt 0:00:02]} 75. Kf6 {[%emt 0:00:04]} Kd5 {[%emt 0:00:02]} 76. f5 {[%emt 0:00:05]} Kd6 {[%emt 0:00:02]} 77. Kf7 {[%emt 0:00:03]} Kd7 {[%emt 0:00:03]} 78. f6 {[%emt 0:00:10]} 1-0

[Event "African Online-ch U20-Open 2021"]
[Site "Online"]
[Date "2021.02.01"]
[Round "5.15"]
[White "Oosthuizen, Michal Jacobus"]
[Black "Potgieter, Edward"]
[Result "1-0"]
[WhiteElo "1920"]
[BlackElo "1229"]
[Annotator "TA"]
[PlyCount "123"]
[EventDate "2021.02.01"]
[EventType "swiss"]
[EventCountry "NET"]
[SourceTitle "playchess.com"]
[Source "ChessBase"]
[SourceQuality "1"]

{[%evp 19,122,0,0,-27,-27,-19,-16,-26,8,-57,-33,-31,-29,-81,9,6,54,1,54,52,54,53,51,45,79,79,86,82,103,110,120,62,62,62,62,47,80,77,78,80,80,80,105,68,149,149,144,146,159,70,73,70,193,171,342,332,339,319,377,271,273,121,239,208,356,199,337,304,375,366,550,486,564,564,548,549,472,534,512,512,510,509,464,377,939,917,833,784,6008,6103,5171,5093,29989,29969,29983,29984,29994,29995,29995,29996,29998,29999,29999,29999,29999]} 1. Nf3 Nf6 2. g3 g6 3. Bg2 Bg7 4. d4 O-O 5. c4 d6 6. O-O Nc6 7. Nc3 e5 8. dxe5 dxe5 9. Qxd8 Rxd8 10. Bg5 Be6 11. Rac1 {E62: King's Indian: Fianchetto: 6...c6 and Panno Variation (6...Nc6) without ...a6.} h6 12. Bxf6 Bxf6 13. b3 {The position is equal.} Rd7 14. e4 {[#]} (14. Rfd1 $11) 14... Nd4 $146 ({Predecessor:} 14... Be7 15. Nd5 Rad8 16. Rb1 a5 17. a3 Kg7 18. b4 axb4 19. axb4 Bg4 20. b5 Bxf3 21. bxc6 Bxg2 22. cxd7 Bxf1 23. Kxf1 Rxd7 24. Rxb7 {½-½ (33) Mendez Acosta,A (1899)-Marin Dorta,A (1451) Santa Cruz de Tenerife 2016}) 15. Nxd4 Rxd4 16. Nd5 {[#]} (16. f4 $11 {remains equal.}) 16... Bxd5 (16... Bd8 $1 $17) 17. cxd5 $11 Rc8 18. Rc2 (18. Bh3 $14 Rb8 19. Rxc7) 18... Be7 (18... c5 $11) 19. Bh3 $1 $36 {[%cal Rh3c8][%mdl 2048] White has the initiative.} Rb8 20. Rxc7 Bd8 21. Rc4 {Threatens to win with Rxd4.} Rxc4 22. bxc4 {[%mdl 4096] Endgame KRB-KRB} Be7 23. Kg2 Kg7 24. f4 f6 25. fxe5 ({White should play} 25. Be6 $16 Rf8 26. a4) 25... fxe5 26. Be6 {aiming for Rf7+.} Rf8 27. Rd1 Rd8 28. a4 b6 29. Rb1 Bc5 30. a5 Rb8 31. Rb5 a6 (31... h5 $14) 32. Rb1 $16 b5 33. cxb5 Rxb5 34. Rd1 (34. Rxb5 $16 axb5 35. Bd7) 34... Rb2+ $14 35. Kh3 Bd6 {[#]} (35... Bb4 $14) 36. Rc1 $1 $18 Kf6 $2 (36... h5 37. Rc6 {[%mdl 64] Double Attack} Bb4 38. Rxa6 Bc5) 37. Rc6 Ke7 38. Rxa6 h5 39. Ra7+ Kf6 40. g4 (40. Rf7+ $18 {is more deadly.} Kg5 41. Rf1) 40... hxg4+ (40... Rb3+ $16 41. Kg2 Rb2+ 42. Kf1 hxg4) 41. Kxg4 {[%csl Ge6][%cal Ra7f7]} Be7 (41... Rg2+ {was necessary.} 42. Kf3 Rxh2) 42. h3 (42. Ra6 $142) 42... Rg2+ (42... Rb4 {is a better defense.} 43. Kf3 Rb3+ 44. Ke2 Rb4) 43. Kf3 Rd2 44. Ra6 Kg7 (44... Kg5 $142 45. Bf7 Rd3+ 46. Ke2 Rd4) 45. Rc6 Rd3+ 46. Ke2 Rd4 47. Ke3 Bg5+ 48. Kf3 Rd3+ 49. Ke2 Re3+ 50. Kf2 Rxe4 51. Rc7+ Kf8 $2 (51... Kh6 52. a6 Bh4+ 53. Kg2 Ra4) 52. a6 Ra4 53. a7 {Hoping for Rf7+.} Ra2+ 54. Kf3 Ra3+ 55. Kg4 Bf4 56. Rc8+ {White mates.} Kg7 57. a8=Q Rg3+ 58. Kh4 g5+ 59. Kh5 Kf6 60. Rf8+ Kg7 61. Rg8+ Kf6 62. Qf8# {Weighted Error Value: White=0.23/Black=0.55} 1-0